00420 2200157 4500001002100000005001700021035002500038082001200063084002200075090002200097100001200119245005800131260002800189300002800217990001700245YOGYA00000000009665220160419110227.0 a0010-081400000096369 a370.114 aNus 370.114 Muc N aNus 370.114 Muc N aMUCHSON aNilai-Nilai Pendidikan Karakter Wulang Rehc/ Muchson aYogyakartabOmbakc2013 aviii, 98 hlm.c; 15 cm. a1375-PD/B.13